| 000 | 00754cam a2200205 a 4500 | ||
|---|---|---|---|
| 020 | _a0387175725 (U.S. : pbk.) | ||
| 082 | 0 | 0 |
_a511.4 _bLEC _cL-3, P-21 |
| 100 | 1 |
_aHromadka, Theodore V. _939078 |
|
| 245 | 1 | 4 |
_aThe best approximation method : _ban introduction / _cT.V. Hromadka II, C.C. Yen, G.F. Pinder. |
| 260 |
_aBerlin ; _aNew York : _bSpringer-Verlag, _cc1987. |
||
| 300 |
_axii, 168 p. ; _c26 cm. |
||
| 526 |
_a0 _b0 _c0 _d511_400000000000000_LEC |
||
| 650 | 0 |
_aApproximation theory _xData processing. _939079 |
|
| 650 | 0 |
_aEngineering mathematics _xData processing. _9133 |
|
| 650 | 0 |
_aFORTRAN (Computer program language) _926734 |
|
| 650 | 0 |
_aMCE _9379 |
|
| 700 | 1 |
_aPinder, George Francis, _939080 |
|
| 700 | 1 |
_aYen, C. C. _939081 |
|
| 942 |
_2ddc _cBK |
||
| 999 |
_c543642 _d543642 |
||